<?xml version="1.0" encoding="UTF-8"?>
<record
    xmlns:xsi="http://www.w3.org/2001/XMLSchema-instance"
    xsi:schemaLocation="http://www.loc.gov/MARC21/slim http://www.loc.gov/standards/marcxml/schema/MARC21slim.xsd"
    xmlns="http://www.loc.gov/MARC21/slim">

  <leader>02601nab a2200397 i 4500</leader>
  <controlfield tag="001">135876</controlfield>
  <controlfield tag="003">FINmELB</controlfield>
  <controlfield tag="005">20241217180959.0</controlfield>
  <controlfield tag="006">m     o  u        </controlfield>
  <controlfield tag="007">cr cn|||||||||</controlfield>
  <controlfield tag="008">230524c20039999sp fr p  o    0    0spa d</controlfield>
  <datafield tag="022" ind1=" " ind2=" ">
    <subfield code="a">0211-2159</subfield>
    <subfield code="l">1576-8597</subfield>
  </datafield>
  <datafield tag="035" ind1=" " ind2=" ">
    <subfield code="a">(OCoLC)1385418727</subfield>
  </datafield>
  <datafield tag="040" ind1=" " ind2=" ">
    <subfield code="a">FINmELB</subfield>
    <subfield code="b">spa</subfield>
    <subfield code="e">rda</subfield>
    <subfield code="c">FINmELB</subfield>
  </datafield>
  <datafield tag="050" ind1=" " ind2="4">
    <subfield code="a">BF38.5</subfield>
    <subfield code="b">P749 2003</subfield>
  </datafield>
  <datafield tag="080" ind1=" " ind2=" ">
    <subfield code="a">159.9(045)</subfield>
  </datafield>
  <datafield tag="082" ind1="0" ind2="4">
    <subfield code="a">150</subfield>
    <subfield code="2">23</subfield>
  </datafield>
  <datafield tag="100" ind1="1" ind2=" ">
    <subfield code="a">P&#xE9;rez, Miguel &#xC1;ngel,</subfield>
    <subfield code="e">autor.</subfield>
  </datafield>
  <datafield tag="245" ind1="1" ind2="0">
    <subfield code="a">Normas espa&#xF1;olas de 290 nuevos dibujos :</subfield>
    <subfield code="b">acuerdo en la denominaci&#xF3;n, concordancia de la imagen, familiaridad, complejidad visual y variabilidad de la imagen /</subfield>
    <subfield code="c">Miguel &#xC1;ngel P&#xE9;rez y Conrado Naval&#xF3;n.</subfield>
  </datafield>
  <datafield tag="264" ind1=" " ind2="1">
    <subfield code="a">Valencia, Espa&#xF1;a :</subfield>
    <subfield code="b">Universidad de Valencia,</subfield>
    <subfield code="c">2003.</subfield>
  </datafield>
  <datafield tag="310" ind1=" " ind2=" ">
    <subfield code="a">Semestral</subfield>
  </datafield>
  <datafield tag="336" ind1=" " ind2=" ">
    <subfield code="a">texto</subfield>
    <subfield code="b">txt</subfield>
    <subfield code="2">rdacontent/spa</subfield>
  </datafield>
  <datafield tag="337" ind1=" " ind2=" ">
    <subfield code="a">computadora</subfield>
    <subfield code="b">c</subfield>
    <subfield code="2">rdamedia/spa</subfield>
  </datafield>
  <datafield tag="338" ind1=" " ind2=" ">
    <subfield code="a">recurso en l&#xED;nea</subfield>
    <subfield code="b">cr</subfield>
    <subfield code="2">rdacarrier/spa</subfield>
  </datafield>
  <datafield tag="520" ind1=" " ind2=" ">
    <subfield code="a">En este trabajo se presentan 290 nuevos dibujos normalizados en poblaci&#xF3;n espa&#xF1;ola. Los objetos se obtuvieron a partir de un estudio previo sobre pertenencia categorial (P&#xE9;rez, 2000) y se estandarizaron atendiendo a cinco variables propuestas originalmente por Snodgrass y Vanderwart (1980): acuerdo en la denominaci&#xF3;n, concordancia de la imagen, familiaridad, complejidad visual y variabilidad de la imagen. Se contrast&#xF3; la fiabilidad y validez de las medidas y, adem&#xE1;s, se compararon las caracter&#xED;sticas de la presente bater&#xED;a de dibujos con las de otros estudios normativos realizados en espa&#xF1;ol y otros idiomas. Finalmente, con el fin de facilitar el uso de esta herramienta a los investigadores, los dibujos e &#xED;ndices se incluyeron en una base de datos electr&#xF3;nica, pudiendo ser &#xFA;tiles tanto en el campo de la investigaci&#xF3;n experimental psicol&#xF3;gica como en otras &#xE1;reas m&#xE1;s aplicadas.</subfield>
  </datafield>
  <datafield tag="588" ind1=" " ind2=" ">
    <subfield code="a">Descripci&#xF3;n basada en metadatos suministrados por el editor y otras fuentes.</subfield>
  </datafield>
  <datafield tag="588" ind1=" " ind2=" ">
    <subfield code="a">Descripci&#xF3;n basada en Psicol&#xF3;gica,vol. 24, n. 2 (2003), P. 215-241.</subfield>
  </datafield>
  <datafield tag="590" ind1=" " ind2=" ">
    <subfield code="a">Recurso electr&#xF3;nico. Santa Fe, Arg.: elibro, 2023. Disponible v&#xED;a World Wide Web. El acceso puede estar limitado para las bibliotecas afiliadas a elibro.</subfield>
  </datafield>
  <datafield tag="650" ind1=" " ind2="4">
    <subfield code="a">Im&#xE1;genes.</subfield>
  </datafield>
  <datafield tag="650" ind1=" " ind2="4">
    <subfield code="a">Psicolog&#xED;a experimental.</subfield>
  </datafield>
  <datafield tag="655" ind1=" " ind2="4">
    <subfield code="a">Libros electr&#xF3;nicos.</subfield>
  </datafield>
  <datafield tag="700" ind1="1" ind2=" ">
    <subfield code="a">Naval&#xF3;n, Conrado,</subfield>
    <subfield code="e">autor.</subfield>
  </datafield>
  <datafield tag="773" ind1="0" ind2=" ">
    <subfield code="t">Psicol&#xF3;gica.</subfield>
    <subfield code="x">ISSN0211-2159, 1576-8597</subfield>
    <subfield code="d">Valencia, Espa&#xF1;a : Universidad de Valencia.</subfield>
    <subfield code="g">vol. 24, n. 2 (2003), p. 215-241</subfield>
  </datafield>
  <datafield tag="797" ind1="2" ind2=" ">
    <subfield code="a">elibro, Corp.</subfield>
  </datafield>
  <datafield tag="856" ind1="4" ind2="0">
    <subfield code="u">https://elibro.net/ereader/politecnicointernacional/8590</subfield>
  </datafield>
  <datafield tag="999" ind1=" " ind2=" ">
    <subfield code="c">135876</subfield>
    <subfield code="d">135876</subfield>
  </datafield>
</record>
